00466nam a22001572 4500001001100000005001700011008004100028020002600069040001500095100002800110245003600138260003500174300001200209650002800221650005900249000000880920151217155836.0080609s xx 000 0 eng d a9966469745 :cKES 455 aKABUcKABU1 aMboya, Tom.@000014949210aFreedom and after /cTom Mboya. aNairobi :bE. A. E. P.,c1986. a266 p. 0aMboya, Tom.@0000158511 0aKenyaxPolitics and governmenty1963-1969.@0000159569